The mirage of exchange rate regimes for emerging market countries (Record no. 59266)

000 -LEADER
fixed length control field 00438pab a2200157 454500
008 - FIXED-LENGTH DATA ELEMENTS--GENERAL INFORMATION
fixed length control field 180718b2003 xxu||||| |||| 00| 0 eng d
100 ## - MAIN ENTRY--PERSONAL NAME
Personal name Calvo, Guillermo A. Calvo
245 ## - TITLE STATEMENT
Title The mirage of exchange rate regimes for emerging market countries
260 ## - PUBLICATION, DISTRIBUTION, ETC.
Date of publication, distribution, etc. 2003
300 ## - PHYSICAL DESCRIPTION
Extent p.99-118.
362 ## - DATES OF PUBLICATION AND/OR SEQUENTIAL DESIGNATION
Dates of publication and/or sequential designation Fall
650 ## - SUBJECT ADDED ENTRY--TOPICAL TERM
Topical term or geographic name entry element Exchange rates
700 ## - ADDED ENTRY--PERSONAL NAME
Personal name Mishkin, Frederic S.
773 ## - HOST ITEM ENTRY
Main entry heading Journal of Economic Perspectives
909 ## -
-- 59266
Holdings
Withdrawn status Lost status Damaged status Not for loan Permanent Location Current Location Date acquired Serial Enumeration / chronology Barcode Date last seen Price effective from Koha item type
        Indian Institute of Public Administration Indian Institute of Public Administration 2018-07-19 Volume no: 17, Issue no: 4 AR59711 2018-07-19 2018-07-19 Articles

Powered by Koha